000 00774nam a2200229Ia 4500
003 GCL
008 140319s9999 xx 000 0 ara d
040 _aGCL /
_cGCL
082 0 4 _a658.403
_bم ف
100 1 _aثروت بدوى
245 1 0 _aفكرة السبب فى القرار الادارى ودعوى الالقاء رسالة للحصول على درجة دكتور فى الحقوق /
_cثروت بدوى
700 1 _aمحمد حسنين عبدالعال
700 1 _aمحمد كامل ليلة
700 1 _aعبدالفتاح حسن
260 _a[S.N] :
_bكلية الحقوق
300 _a408 ص
490 _a
650 0 4 _aالادارة
650 0 4 _aالقانون الادارى
650 0 4 _aالقضاء الاداري
942 _2ddc
_cBK
999 _c32490
_d32490